000 02715cam a2200313 i 4500
001 22925860
005 20250327160251.0
008 230111t20232023dcua b 001 0 eng
010 _a 2023000808
020 _a9781426223303
_q(hardcover)
040 _aPSt/DLC
_beng
_erda
_cDLC
042 _apcc
043 _azo-----
050 0 0 _aQB44.3
_b.T97 2023
100 _aTyson, Neil deGrasse,
_eauthor.
_925078
245 1 0 _aTo infinity & beyond
_b: a journey of cosmic discovery
_c/ Neil deGrasse Tyson, Lindsey Nyx Walker.
246 3 _aTo infinity and beyond
264 1 _aWashington, D.C. :
_bNational Geographic Books,
_c[2023]
264 4 _c©2023.
300 _a319 pages :
_bcolor illustrations ;
_c24 cm
504 _aIncludes bibliographical references and index.
505 0 _aIntroduction: The Cosmic Odyssey — Leaving Earth — Touring the Sun's Backyard — Into Outer Space — To Infinity and Beyond.
520 _aThis enlightening illustrated narrative by the world’s most celebrated astrophysicist explains the universe from the solar system to the farthest reaches of space with authority and humor. No one can make the mysteries of the universe more comprehensible and fun than Neil deGrasse Tyson. Drawing on mythology, history, and literature—alongside his trademark wit and charm—Tyson and StarTalk senior producer Lindsey Nyx Walker bring planetary science down to Earth and principles of astrophysics within reach. In this entertaining book, illustrated with vivid photographs and art, readers travel through space and time, starting with the Big Bang and voyaging to the far reaches of the universe and beyond. Along the way, science greets pop culture as Tyson explains the triumphs—and bloopers—in Hollywood’s blockbusters: all part of an entertaining ride through the cosmos. The book begins as we leave Earth, encountering new truths about our planet’s atmosphere, the nature of sunlight, and the many missions that have demystified our galactic neighbors. But the farther out we travel, the weirder things get. What’s a void and what’s a vacuum? How can light be a wave and a particle at the same time? When we finally arrive in the blackness of outer space, Tyson takes on the spookiest phenomena of the cosmos: parallel worlds, black holes, time travel, and more. For science junkies and fans of the conundrums that astrophysicists often ponder, To Infinity and Beyond is an enlightening adventure into the farthest reaches of the cosmos.
650 0 _aAstronomy
_vPopular works.
650 0 _aCosmology
_vPopular works.
651 0 _aOuter space
_xExploration
_vPopular works.
700 _aWalker, Lindsey N.,
_eauthor.
_925081
942 _2lcc
999 _c4605
_d4605